21 IRREFUTABLE LAWS OF LEADERSHIP FOLLOW (Record no. 23635)

MARC details
000 -LEADER
fixed length control field 00352nam a2200133Ia 4500
008 - FIXED-LENGTH DATA ELEMENTS--GENERAL INFORMATION
fixed length control field 240624s9999 xx 000 0 und d
041 ## - LANGUAGE CODE
Language code of text/sound track or separate title eng
082 ## - DEWEY DECIMAL CLASSIFICATION NUMBER
Classification number 658.4092 MAX
100 ## - MAIN ENTRY--PERSONAL NAME
Personal name MAXWELL JOHN C
245 ## - TITLE STATEMENT
Title 21 IRREFUTABLE LAWS OF LEADERSHIP FOLLOW
260 ## - PUBLICATION, DISTRIBUTION, ETC.
Date of publication, distribution, etc. 2014
Place of publication, distribution, etc. New Delhi
Name of publisher, distributor, etc. Maanu Graphics
300 ## - PHYSICAL DESCRIPTION
Extent 223 : p. : cm. ; 23
365 ## - TRADE PRICE
Currency code RS
Price amount 25
Holdings
Withdrawn status Lost status Damaged status Not for loan Home library Current library Shelving location Date acquired Source of acquisition Cost, normal purchase price Full call number Barcode Date last seen Copy number Price effective from Koha item type
        IMTN IMTN Rack 29-B 11/05/2014 VBC 145.00 658.4092 MAX 23635 06/24/2024 1 06/24/2024 Books
Designed & Maintained by: LRC IMT Nagpur Contact: lrc@imtnag.ac.in© 2024. All Rights Reserved.